Loading...
| History - European History | 0 | 2 | 0 | 0 | 20 | 60 | 62.50 | 1 | 2 |
| Science - Other Science | 0 | 2 | 0 | 0 | 20 | 50 | 77.50 | 1 | 1 |
| History - Other History | 0 | 1 | 0 | 0 | 10 | 71 | 71.00 | 0 | 1 |
| Literature - American Literature | 0 | 1 | 0 | 0 | 10 | 48 | 48.00 | 0 | 1 |
| Other Academic | 0 | 1 | 0 | 0 | 10 | 48 | 48.00 | 1 | 1 |
| Fine Arts - Other Fine Arts | 0 | 1 | 0 | 0 | 10 | 91 | 91.00 | 0 | 1 |
| Geography/Current Events | 0 | 1 | 0 | 1 | 10 | 117 | 117.00 | 0 | 0 |
| Science - Physics | 0 | 1 | 0 | 0 | 10 | 60 | 60.00 | 0 | 1 |
| Science - Chemistry | 0 | 1 | 1 | 0 | 5 | 30 | 30.00 | 1 | 1 |
| Philosophy | 0 | 1 | 1 | 0 | 5 | 72 | 72.00 | 0 | 1 |
| History - American History | 0 | 0 | 1 | 0 | -5 | 0.00 | 0 | 0 | |
| Social Science | 0 | 0 | 1 | 0 | -5 | 0.00 | 0 | 0 |